|
|
|
|
| LEADER |
00000nam0a2200000 4500 |
| 001 |
212264 |
| 005 |
20231101225738.0 |
| 020 |
|
|
|a RU
|b 82-81000
|
| 035 |
|
|
|a (RuTPU)RU\TPU\book\231909
|
| 090 |
|
|
|a 212264
|
| 100 |
|
|
|a 20120324d1982 m y0rusy5003 ca
|
| 101 |
0 |
|
|a rus
|
| 102 |
|
|
|a RU
|
| 105 |
|
|
|a y z 000ay
|
| 200 |
1 |
|
|a Ягодные места
|e роман
|f Е. А. Евтушенко
|
| 210 |
|
|
|a Москва
|c Советский писатель
|d 1982
|
| 215 |
|
|
|a 287 с.
|c портр.
|
| 330 |
|
|
|a Поэт Евгении Евтушенко уже давно работает и в жанре прозы. "Ягодные места" - роман многоплановый. Евгений Евтушенко попытался совместить сразу несколько идейно-стилевых пластов: традиционное живописание, агитационную публицистику, лирическую прозу, сатиру и даже фантастику. Здесь, как и в своей поэзии, он стремился высказаться по самым животрепещущим вопросам истории, современности, политики, литературы и морали. Основное действие романа происходит в наши дни в сибирской тайге, в геологоразведочной экспедиции. Действие ретроспективно переносится то в дореволюционную Сибирь, то в революционный Питер, то в деревню времен коллективизации. Несмотря на внешнюю мозаичность повествования, в романе есть крепкая связующая нить - мысль о взаимосвязанности людей разных профессий, разных стран, разных времен: все они составляют историю, народ, человечество.
|
| 606 |
1 |
|
|a Русская литература современная
|2 stltpush
|3 (RuTPU)RU\TPU\subj\26373
|9 50316
|
| 610 |
1 |
|
|a романы
|
| 610 |
1 |
|
|a Сибирь
|
| 675 |
|
|
|a Р2
|z rus
|
| 700 |
|
1 |
|a Евтушенко
|b Е. А.
|c русский поэт
|f 1933-2017
|g Евгений Александрович
|2 stltpush
|3 (RuTPU)RU\TPU\pers\8218
|9 1615
|
| 702 |
|
1 |
|a Добровинский
|b Е.
|4 440
|
| 801 |
|
0 |
|a RU
|b RuMRKP
|c 19950704
|g psbo
|
| 801 |
|
1 |
|a RU
|b 63413507
|c 20120324
|
| 801 |
|
2 |
|a RU
|b 63413507
|c 20220118
|g RCR
|
| 942 |
|
|
|c BK
|